00504pab a2200169 454500008004000000100002000040245008200060260000900142300001700151362000800168650002700176650002900203650002500232650001900257700002500276773003300301180718b2013 xxu||||| |||| 00| 0 eng d aHasan, Sharique aThe Mechanics of Social capital and academic performance in an Indian college c2013 ap.1009-1032. aDec aSocial capital - India aHigher education - India aUniversities - India aSocial capital aBagde, Surendrakumar aAmerican Sociologocal Review